| 000 | 00919cam a2200253Mi 4500 | ||
|---|---|---|---|
| 005 | 20140903175101.0 | ||
| 008 | 140520s2013 sp a fr 000 0 spa d | ||
| 020 | _a9788499923017 | ||
| 040 |
_aCO-BoUCM _bspa _cJose A. Gerena _dJose A. Gerena |
||
| 041 | _aspa | ||
| 100 | 1 |
_aKlein, Grady _961360 |
|
| 245 | 1 | 0 |
_aIntroducción a la microeconomía en viñetas _cGrady Klein y Yoram Bauman ; traducción de Francisco J. Ramos Mena |
| 260 |
_aBarcelona (España) _bDebate _c2013 |
||
| 300 |
_a211 páginas _bilustraciones |
||
| 650 | 7 |
_aMicroeconomía _919488 |
|
| 650 | 7 |
_aTeoría de los juegos _925291 |
|
| 650 | 7 |
_aTiras cómicas , historietas, etc. _925477 |
|
| 650 | 7 |
_aToma de decisiones _925505 |
|
| 690 |
_942795 _aEconomía |
||
| 700 | 1 |
_aBauman, Yoram _961361 |
|
| 700 | 1 |
_aRamos Mena, Francisco J. _etraductor _961362 |
|
| 942 |
_a7 _cLIBRO _e1 _mK641 _2DEWEY _h338.5 |
||
| 999 |
_c241024 _d241024 |
||